All of Slaughter to Prevail - Statistics

General Stats
  • This quiz has been taken 48 times
  • The average score is 18 of 32
Answer Stats
Hint Answer % Correct
Kostolom Demolisher
94%
Kostolom Baba Yaga
88%
Others 1984
82%
Others VIKING
82%
Kostolom Bratva
76%
Kostolom Made in Russia
76%
Kostolom Bonebreaker
73%
Chapters of Misery Hell
73%
Chapters of Misery Misery
67%
Kostolom I Killed a Man
64%
Misery Sermon King
64%
Kostolom Agony
61%
Misery Sermon 666
58%
Kostolom Father
58%
Chapters of Misery Intro
58%
Chapters of Misery Death
55%
Kostolom Head on a Plate
55%
Kostolom Ouroboros
55%
Kostolom Zavali Ebalo
55%
Kostolom Your Only
52%
Misery Sermon Misery Sermon
48%
Misery Sermon Russian Hate
48%
Chapters of Misery Beast
45%
Misery Sermon Chronic Slaughter
45%
Chapters of Misery As The Vultures Circle
42%
Misery Sermon Below
39%
Misery Sermon Born to Die
39%
Chapters of Misery Crowned & Conquered
39%
Misery Sermon Failed Hope
39%
Misery Sermon Malice of Rites
39%
Misery Sermon The Hell in Man
36%
Misery Sermon Cultural IIIs
21%
No matching quizzes found
Score Distribution
Percent of People with Each Score
Percentile by Number Answered
Your Score History
You have not taken this quiz